| 000 | 00429nam a22001697a 4500 | ||
|---|---|---|---|
| 003 | CEME | ||
| 005 | 20210628203524.0 | ||
| 008 | 210316b xxu||||| |||| 00| 0 eng d | ||
| 020 | _a1-56347-002-0 | ||
| 040 | _c. | ||
| 082 | _a629.41 ISA'I | ||
| 100 |
_aIsakowitz, Steven J _965990 |
||
| 245 | _aInternational reference guide to space launch system | ||
| 260 |
_aWASHINGTON _bAIAA _c1991 |
||
| 300 | _a295P | ||
| 942 |
_cBK _2ddc |
||
| 999 |
_c574048 _d574048 |
||